Associez un sportif français à son sport #2 - Statistiques

Statistiques générales
  • Ce quiz a été pris 1 051 fois
  • Le résultat moyen est 11 sur 20
Statistiques - réponses
Sportif Sport % Correct
Camille Lacourt Natation
98%
Paul Pogba Football
96%
Thibault Pinot Cyclisme sur Route
85%
Lucas Pouille Tennis
81%
Sébastien Ogier WRC
81%
Pierre Gasly Formule 1
80%
Morgan Parra Rugby
72%
Boris Diaw Basket-Ball
70%
Pascal Martinot-Lagarde 110m Haies
65%
Simon Desthieux Biathlon
58%
Teddy Tamgho Triple Saut
57%
Mahiedine Mekhissi 3000m Steeple
55%
Guillaume Cizeron Patinage Artistique
48%
Cédric Sorhaindo Handball
42%
Maurice Manificat Ski de Fond
37%
Vincent Luis Triathlon
37%
Benjamin Toniutti Volley-Ball
35%
Pierre Vaultier Snowboard
21%
Fouad "Rafsou" Fares E-Sport
20%
Alexandre Camarasa Water-Polo
5%
Aucun quiz correspondant
Distribution des résultats
% des personnes avec chaque résultat
Percentile par nombre de réponses
Votre historique - résultats
Vous n’avez pas pris ce quiz